000 00238nam a2200097Ia 4500
005 20251222114352.0
008 251222s1900||||xx |||||||||||||| ||spa||
082 _aDVD0010/H96/2010/BR/T.2
245 0 _aEspartaco: sangre y arena:
942 _cDVD
999 _c1283
_d1283